[Event "European Youth Chess Championship G16"]
[Site "Prague, Top Hotel Prague"]
[Date "2016.08.18"]
[Round "1.2"]
[White "Yurovskikh, Yasmin"]
[Black "Obolentseva, Alexandra"]
[Result "0-1"]
[WhiteElo "1842"]
[BlackElo "2339"]
[PlyCount "88"]
[EventDate "2016.??.??"]

1. e4 c5 2. Nf3 d6 3. d4 cxd4 4. Nxd4 Nf6 5. Nc3 a6 6. Be3 e6 7. f3 b5 8. a3
Bb7 9. Bd3 Nbd7 10. O-O Be7 11. f4 h5 12. Qf3 Ng4 13. Rae1 Bh4 14. g3 Bf6 15.
Bf2 O-O 16. h3 Nxf2 17. Qxf2 Qb6 18. Nde2 Rac8 19. Kh2 Qxf2+ 20. Rxf2 Nb6 21.
Nd1 Na4 22. c3 Nc5 23. Nc1 e5 24. Re3 h4 25. Ne2 hxg3+ 26. Kxg3 exf4+ 27. Nxf4
Be5 28. Kg2 Nxd3 29. Nxd3 f5 30. Rfe2 Bxe4+ 31. Kf1 Bd5 32. Nxe5 dxe5 33. Rxe5
Bc4 34. Ne3 Bxe2+ 35. Kxe2 Rce8 36. Rxe8 Rxe8 37. Kf3 g6 38. c4 bxc4 39. Nxc4
Re6 40. Ne3 Kg7 41. Nd5 Rd6 42. Nb4 a5 43. Nc2 Rd2 44. Ne3 Rxb2 0-1

[Event "European Youth Chess Championship G16"]
[Site "Prague, Top Hotel Prague"]
[Date "2016.08.18"]
[Round "1.3"]
[White "Dimitrova, Aleksandra"]
[Black "Lomandong, Noela-Joyce"]
[Result "1-0"]
[WhiteElo "2259"]
[BlackElo "1841"]
[PlyCount "77"]
[EventDate "2016.??.??"]

1. e4 g6 2. d4 c6 3. Nf3 Bg7 4. Bd3 d5 5. e5 Bg4 6. h3 Bxf3 7. Qxf3 e6 8. O-O
Nh6 9. g4 Na6 10. c3 O-O 11. Qg3 c5 12. Bxa6 bxa6 13. dxc5 Kh8 14. b4 Qc7 15.
Bf4 a5 16. Qe3 Ng8 17. Nd2 Ne7 18. Rfe1 axb4 19. cxb4 Rad8 20. Nb3 d4 21. Qe4
Nd5 22. Bg5 f6 23. exf6 Bxf6 24. Bxf6+ Rxf6 25. Qxd4 Kg8 26. Rad1 Rdf8 27. Rd2
Rf3 28. Qe5 Qxe5 29. Rxe5 Nf4 30. Re3 Nxh3+ 31. Kg2 Ng5 32. Rxf3 Nxf3 33. Re2
g5 34. Rxe6 Nh4+ 35. Kf1 Ng6 36. c6 Nf4 37. Rd6 Rc8 38. Nd4 Kf7 39. Rd7+ 1-0

[Event "European Youth Chess Championship G16"]
[Site "Prague, Top Hotel Prague"]
[Date "2016.08.18"]
[Round "1.4"]
[White "Ayan, Bengu Sena"]
[Black "Avramidou, Anastasia"]
[Result "0-1"]
[WhiteElo "1835"]
[BlackElo "2244"]
[PlyCount "104"]
[EventDate "2016.??.??"]

1. d4 e6 2. c4 b6 3. Nc3 Bb4 4. Qc2 Bb7 5. a3 Bxc3+ 6. Qxc3 f5 7. Nf3 Nf6 8. g3
O-O 9. Bg2 d6 10. O-O Nbd7 11. b4 Qe8 12. Bf4 Qh5 13. Rfe1 Ne4 14. Qc1 Ndf6 15.
Ng5 Ng4 16. h4 Nxg5 17. Bxb7 Nh3+ 18. Kg2 Rab8 19. Bf3 Nhxf2 20. c5 bxc5 21.
bxc5 Ne4 22. cxd6 cxd6 23. Qc7 Rbe8 24. Bxd6 Nxd6 25. Qxd6 Ne3+ 26. Kf2 Qh6 27.
Rh1 Nc2 28. Rad1 Rd8 29. Qe5 f4 30. g4 Qf6 31. Qxf6 Rxf6 32. d5 Ne3 33. Rd4
exd5 34. Rhd1 Nxd1+ 35. Rxd1 d4 36. Be4 Ra6 37. Rd3 g6 38. Kf3 Rf8 39. Bd5+ Kg7
40. Bb7 Ra5 41. g5 Rf7 42. Bc6 Rc7 43. Be4 Rc3 44. Kxf4 Rxd3 45. Bxd3 Rxa3 46.
Ke5 Ra4 47. Kd5 Kf7 48. Bc4 Ke7 49. Kxd4 Kd6 50. Kd3 Kc5 51. Bg8 Rxh4 52. e4
Rh3+ 0-1

[Event "European Youth Chess Championship G16"]
[Site "Prague, Top Hotel Prague"]
[Date "2016.08.18"]
[Round "1.5"]
[White "Garcia, Martin Marta"]
[Black "Pellicoro, Nathalie"]
[Result "1-0"]
[WhiteElo "2229"]
[BlackElo "1832"]
[PlyCount "39"]
[EventDate "2016.??.??"]

1. e4 e5 2. Nf3 Nc6 3. Bb5 f5 4. Nc3 fxe4 5. Nxe4 Nf6 6. Nxf6+ gxf6 7. d4 Qe7
8. O-O Bg7 9. d5 Nd8 10. Nd4 c6 11. Nf5 Qf8 12. Qh5+ Nf7 13. Bc4 d6 14. dxc6
Bxf5 15. cxb7 Rb8 16. Qxf5 Qe7 17. Qc8+ Qd8 18. Qc6+ Kf8 19. Be3 Qe7 20. Bd5
1-0

[Event "European Youth Chess Championship G16"]
[Site "Prague, Top Hotel Prague"]
[Date "2016.08.18"]
[Round "1.6"]
[White "Giordano, Giulia"]
[Black "Sieber, Fiona"]
[Result "0-1"]
[WhiteElo "1831"]
[BlackElo "2173"]
[PlyCount "54"]
[EventDate "2016.??.??"]

1. d4 Nf6 2. Nf3 e6 3. e3 d5 4. Bd3 c5 5. c3 Nc6 6. Ne5 Qc7 7. f4 Be7 8. Nd2
O-O 9. O-O Nd7 10. Qh5 f5 11. Nxd7 Qxd7 12. Rf3 Qe8 13. Qh3 Rf6 14. g4 Rh6 15.
Qg2 fxg4 16. Rg3 Qf7 17. Rxg4 e5 18. dxe5 Bxg4 19. Qxg4 c4 20. Bc2 Nxe5 21.
fxe5 Rf8 22. Qg2 Bh4 23. Nf1 Bf2+ 24. Kh1 Be1 25. Nd2 Qh5 26. Qxd5+ Kh8 27. Qg2
Rf2 0-1

[Event "European Youth Chess Championship G16"]
[Site "Prague, Top Hotel Prague"]
[Date "2016.08.18"]
[Round "1.7"]
[White "Milovanova, Maria"]
[Black "Vlkova, Anezka"]
[Result "1-0"]
[WhiteElo "2138"]
[BlackElo "1823"]
[PlyCount "59"]
[EventDate "2016.??.??"]

1. e4 c5 2. Nf3 d6 3. Bb5+ Bd7 4. Bxd7+ Qxd7 5. c4 Nc6 6. O-O Nf6 7. Nc3 g6 8.
d4 cxd4 9. Nxd4 Bg7 10. Re1 O-O 11. Be3 Rac8 12. Rc1 Nxd4 13. Bxd4 Rxc4 14.
Bxa7 Rfc8 15. f3 Qc6 16. Be3 b5 17. Qd2 b4 18. Ne2 Qa6 19. b3 Rxc1 20. Rxc1 Rb8
21. Nd4 Nd7 22. Rc7 Nc5 23. Nc6 Bc3 24. Qc2 Ra8 25. Nxe7+ Kf8 26. a4 Ne6 27.
Nd5 Bd4 28. Bxd4 Nxd4 29. Qd2 Nxb3 30. Qh6+ 1-0

[Event "European Youth Chess Championship G16"]
[Site "Prague, Top Hotel Prague"]
[Date "2016.08.18"]
[Round "1.8"]
[White "Ayazmali, Gizem"]
[Black "Sliwicka, Alicja"]
[Result "1-0"]
[WhiteElo "1816"]
[BlackElo "2138"]
[PlyCount "141"]
[EventDate "2016.??.??"]

1. e4 e5 2. Nf3 Nc6 3. Bc4 Nf6 4. d3 h6 5. c3 d6 6. h3 g6 7. Be3 Bg7 8. Nbd2
O-O 9. Bb3 Qe7 10. O-O Nd8 11. Re1 Ne6 12. d4 Nh7 13. dxe5 dxe5 14. Nc4 Neg5
15. Nxg5 Nxg5 16. Bxg5 hxg5 17. Qe2 Bd7 18. Ne3 Rae8 19. Nd5 Qd8 20. Rad1 c6
21. Ne3 Qc8 22. Nc4 Re7 23. Qe3 Bf6 24. Qxa7 Bxh3 25. gxh3 b5 26. Qe3 bxc4 27.
Bxc4 Kg7 28. Qf3 Ra7 29. Rd2 Bd8 30. Red1 f5 31. exf5 Bb6 32. Qg4 Qxf5 33. Qxf5
Rxf5 34. Rd7+ Kf8 35. R7d2 Rf4 36. Bb3 Rh7 37. Kg2 g4 38. hxg4 Rxg4+ 39. Kf1
Rf4 40. Bc2 Rh2 41. Kg1 Rh5 42. a4 Rg4+ 43. Kf1 Rh2 44. Rd8+ Bxd8 45. Rxd8+ Ke7
46. Rd2 Rh1+ 47. Ke2 Ra1 48. b4 Ra3 49. Rd3 Re4+ 50. Kd2 Rf4 51. f3 Rh4 52. Kc1
Ra1+ 53. Kb2 Rf1 54. Re3 Ke6 55. Bxg6 c5 56. Be4 c4 57. b5 Rh2+ 58. Ka3 Kd6 59.
Kb4 Ra1 60. Kxc4 Rxa4+ 61. Kb3 Raa2 62. Rd3+ Ke6 63. Kb4 Rab2+ 64. Kc5 Rh8 65.
Rd6+ Ke7 66. Rc6 Rb3 67. c4 Rd8 68. Bd5 Kd7 69. Rd6+ Kc7 70. b6+ Kc8 71. Be6+
1-0

[Event "European Youth Chess Championship G16"]
[Site "Prague, Top Hotel Prague"]
[Date "2016.08.18"]
[Round "1.9"]
[White "Bojicic, Andjela"]
[Black "Nass, Sara"]
[Result "1-0"]
[WhiteElo "2110"]
[BlackElo "1814"]
[PlyCount "69"]
[EventDate "2016.08.18"]

1. d4 Nf6 2. c4 g6 3. Nc3 Bg7 4. e4 d6 5. f3 O-O 6. Be3 e5 7. d5 Ne8 8. Qd2 f5
9. exf5 Bxf5 10. O-O-O a5 11. Bd3 Bxd3 12. Qxd3 a4 13. Ne4 Nf6 14. Ng5 Qd7 15.
Ne6 Rf7 16. Nxg7 Rxg7 17. Nh3 a3 18. b3 b5 19. c5 b4 20. c6 Qc8 21. Ng5 Qa6 22.
Qd2 Qb5 23. Ne6 Rf7 24. g4 Ra5 25. Nd8 Rf8 26. Nb7 Ra8 27. Bh6 Re8 28. Kb1 Na6
29. h4 e4 30. Qd4 Kf7 31. Bg5 Ng8 32. fxe4 Re5 33. Rhf1+ Ke8 34. Qf2 h6 35.
Qf8# 1-0

[Event "European Youth Chess Championship G16"]
[Site "Prague, Top Hotel Prague"]
[Date "2016.08.18"]
[Round "1.10"]
[White "Panainte, Andreea-Bianca"]
[Black "Protopopova, Anastasiya"]
[Result "0-1"]
[WhiteElo "1799"]
[BlackElo "2108"]
[PlyCount "42"]
[EventDate "2016.08.18"]

1. e4 e5 2. Nf3 Nc6 3. c3 d5 4. Qa4 dxe4 5. Nxe5 Qd5 6. Nxc6 bxc6 7. Bc4 Qd6 8.
O-O Nf6 9. Qb3 Qd7 10. d3 Bc5 11. Bg5 Ng4 12. d4 Bd6 13. h3 h6 14. Bh4 g5 15.
hxg4 gxh4 16. Re1 Qxg4 17. Bxf7+ Kd8 18. c4 Rh7 19. Qc2 Rxf7 20. Rxe4 Qg5 21.
Qc3 Rg7 0-1

[Event "European Youth Chess Championship G16"]
[Site "Prague, Top Hotel Prague"]
[Date "2016.08.18"]
[Round "1.11"]
[White "Antolak, Julia"]
[Black "Jorge, Rita Maria Osorio"]
[Result "1-0"]
[WhiteElo "2103"]
[BlackElo "1794"]
[PlyCount "57"]
[EventDate "2016.08.18"]

1. e4 c5 2. Nf3 d6 3. d4 cxd4 4. Nxd4 Nf6 5. Nc3 g6 6. Bc4 Bg7 7. f3 Nc6 8. Be3
O-O 9. Bb3 Bd7 10. Qd2 Qa5 11. h4 h5 12. O-O-O Rfc8 13. Kb1 Ne5 14. Bh6 Bxh6
15. Qxh6 Nc4 16. g4 Qe5 17. Rhg1 Bxg4 18. fxg4 Nxg4 19. Qc1 Nf2 20. Nf3 Qf6 21.
Rdf1 Qxf3 22. Qe1 Qh3 23. Qxf2 Qe6 24. Nd5 b5 25. Nf4 Qe5 26. Bxc4 bxc4 27.
Nxg6 fxg6 28. Rxg6+ Kh8 29. Qf7 1-0

[Event "European Youth Chess Championship G16"]
[Site "Prague, Top Hotel Prague"]
[Date "2016.08.18"]
[Round "1.12"]
[White "Manova, Ivana"]
[Black "Shpanko, Nadiia"]
[Result "1-0"]
[WhiteElo "1792"]
[BlackElo "2102"]
[PlyCount "53"]
[EventDate "2016.08.18"]

1. e4 c5 2. Nf3 d6 3. d4 cxd4 4. Nxd4 Nf6 5. Nc3 a6 6. Bg5 b5 7. f3 Nbd7 8. Qd2
e6 9. O-O-O Bb7 10. h4 Rc8 11. g4 Qc7 12. Bxb5 axb5 13. Ndxb5 Qa5 14. Bxf6 Nxf6
15. Nxd6+ Bxd6 16. Qxd6 Bc6 17. Rd2 Nd7 18. Rhd1 Nb6 19. Rd4 Nd7 20. a4 e5 21.
R4d3 Qc7 22. b4 Nb6 23. Qxc7 Rxc7 24. Rd8+ Ke7 25. Rxh8 Be8 26. Nd5+ Nxd5 27.
Rxd5 1-0

[Event "European Youth Chess Championship G16"]
[Site "Prague, Top Hotel Prague"]
[Date "2016.08.18"]
[Round "1.13"]
[White "Broly, Mathilde"]
[Black "Tumova, Anna"]
[Result "1/2-1/2"]
[WhiteElo "2098"]
[BlackElo "1787"]
[PlyCount "89"]
[EventDate "2016.08.18"]

1. e4 e6 2. d4 d5 3. e5 c5 4. c3 Nc6 5. Nf3 Qb6 6. a3 a5 7. Bd3 Bd7 8. Bc2 cxd4
9. cxd4 Nge7 10. Nc3 Ng6 11. h4 h5 12. Bxg6 fxg6 13. O-O Ne7 14. a4 Nf5 15. Ne2
Be7 16. g3 O-O 17. Nf4 Kh7 18. Kg2 Rac8 19. Ne2 Rc4 20. b3 Rc7 21. Bg5 Rfc8 22.
Ra2 Be8 23. Bxe7 Rxe7 24. Rd2 Rec7 25. Qb1 Kg8 26. Ng5 Bf7 27. Kh3 Re8 28. f3
Ne3 29. Re1 Rec8 30. Nxf7 Rxf7 31. Qd3 Nf5 32. Rf1 Qd8 33. f4 Rfc7 34. Rfd1 Qe8
35. Qf3 Qe7 36. Rd3 Rc2 37. R1d2 Rxd2 38. Rxd2 Qb4 39. Qd3 Kh7 40. Rd1 Rc6 41.
Rb1 Rc8 42. Rg1 Qe7 43. Nc3 Qa3 44. Rb1 Rc6 45. g4 1/2-1/2

[Event "European Youth Chess Championship G16"]
[Site "Prague, Top Hotel Prague"]
[Date "2016.08.18"]
[Round "1.14"]
[White "Silva, Ana Ines Teixeira Da"]
[Black "Redondo, Benavente Ana"]
[Result "0-1"]
[WhiteElo "1781"]
[BlackElo "2088"]
[PlyCount "70"]
[EventDate "2016.08.18"]

1. e4 e5 2. Nf3 Nc6 3. d4 exd4 4. Nxd4 Nf6 5. Nc3 Bb4 6. Nxc6 bxc6 7. Bd3 O-O
8. O-O d5 9. exd5 cxd5 10. Bg5 Be7 11. Re1 c6 12. Qe2 Be6 13. Qd2 Rb8 14. Nd1
Re8 15. c3 Qc7 16. Qc2 h6 17. Bf4 Rb6 18. Ne3 c5 19. Nf5 Bf8 20. Ng3 c4 21. Bf5
Bxf5 22. Nxf5 Ne4 23. Nd4 Bc5 24. Re3 g5 25. Bg3 f5 26. f4 g4 27. Qe2 Reb8 28.
b3 Nxc3 29. Qd2 Nb5 30. Nxb5 Bxe3+ 31. Qxe3 Rxb5 32. Bf2 cxb3 33. axb3 Rxb3 34.
Qe5 Rb1+ 35. Rxb1 Rxb1+ 0-1

[Event "European Youth Chess Championship G16"]
[Site "Prague, Top Hotel Prague"]
[Date "2016.08.18"]
[Round "1.15"]
[White "Radeva, Viktoria"]
[Black "Nemcova, Kamila"]
[Result "1-0"]
[WhiteElo "2080"]
[BlackElo "1774"]
[PlyCount "133"]
[EventDate "2016.08.18"]

1. Nf3 Nf6 2. g3 d5 3. Bg2 Bf5 4. d3 c6 5. O-O h6 6. Nbd2 e6 7. b3 Be7 8. Bb2
O-O 9. Ne5 Qc7 10. e4 dxe4 11. dxe4 Bh7 12. Qe2 Nbd7 13. Nxd7 Nxd7 14. f4 Rad8
15. Rad1 b5 16. c4 Rfe8 17. Nf3 Qb6+ 18. Kh1 Bf6 19. Nd4 e5 20. fxe5 Bxe5 21.
cxb5 cxb5 22. Ba1 a6 23. Nf5 Bxa1 24. Rxa1 Nc5 25. Qg4 Bg6 26. Rad1 Qe6 27. Rd5
Rc8 28. e5 Red8 29. Qd4 Rxd5 30. Bxd5 Qd7 31. Nd6 Rc7 32. b4 Ne6 33. Qb6 Ra7
34. Rc1 Rc7 35. Bc6 Qe7 36. Qxa6 Nd4 37. Qb6 Nxc6 38. Rxc6 Rxc6 39. Qxc6 Qxe5
40. Qe8+ Qxe8 41. Nxe8 Kf8 42. Nc7 Bd3 43. Kg2 Bc4 44. Kf3 Ke7 45. a3 Kd7 46.
Na6 Kd6 47. Ke4 g6 48. Kd4 f5 49. a4 g5 50. a5 h5 51. Nc5 Bd5 52. Nd3 Bb7 53.
Ne5 Bd5 54. a6 f4 55. gxf4 gxf4 56. Nd3 f3 57. Ke3 Kc7 58. Nf4 Bf7 59. Kxf3 Kb6
60. Ke4 Kxa6 61. Ke5 Kb6 62. Kd6 Be8 63. h4 Bf7 64. Ke7 Bc4 65. Nxh5 Be2 66.
Nf4 Bg4 67. Kd6 1-0

[Event "European Youth Chess Championship G16"]
[Site "Prague, Top Hotel Prague"]
[Date "2016.08.18"]
[Round "1.16"]
[White "Karykowska, Anna"]
[Black "Avetisyan, Mariam"]
[Result "0-1"]
[WhiteElo "1772"]
[BlackElo "2079"]
[PlyCount "44"]
[EventDate "2016.08.18"]

1. e4 e6 2. Nf3 d5 3. Nc3 Nf6 4. e5 Nfd7 5. d4 c5 6. Bg5 Qb6 7. dxc5 Bxc5 8.
Qd2 Nc6 9. O-O-O O-O 10. Na4 Qc7 11. Bf4 Bb4 12. Qe3 Qa5 13. Qb3 b5 14. Bxb5
Qxb5 15. a3 a5 16. Nc3 Qb8 17. axb4 axb4 18. Nb1 Na5 19. Qd3 Ba6 20. Qd4 Rc8
21. Kd2 Qb5 22. Rde1 Rc4 0-1

[Event "European Youth Chess Championship G16"]
[Site "Prague, Top Hotel Prague"]
[Date "2016.08.18"]
[Round "1.17"]
[White "Rogozenco, Teodora"]
[Black "Jibuti, Nata"]
[Result "1-0"]
[WhiteElo "2071"]
[BlackElo "1761"]
[PlyCount "123"]
[EventDate "2016.08.18"]

1. d4 Nf6 2. c4 e6 3. Nc3 Bb4 4. Qc2 O-O 5. Nf3 c5 6. dxc5 Na6 7. g3 Nxc5 8.
Bg2 Nce4 9. O-O Bxc3 10. bxc3 Qa5 11. Nd4 Qxc3 12. Qxc3 Nxc3 13. Bd2 Nce4 14.
Bb4 d6 15. Nb5 Rd8 16. Rfd1 Bd7 17. Nxd6 Bc6 18. Nb5 a6 19. Nd4 Ba4 20. Nb3
Rdc8 21. Rac1 a5 22. Ba3 h6 23. Rd4 Bxb3 24. axb3 Nc5 25. Bxc5 Rxc5 26. Rcd1
Kh7 27. Rb1 Rc7 28. Ra1 Ra6 29. f4 Rb6 30. Rd3 Rd7 31. Rad1 Rxd3 32. Rxd3 Rb4
33. e4 a4 34. e5 Ng8 35. bxa4 Rxc4 36. a5 Ra4 37. Bxb7 Rxa5 38. Rd7 Kg6 39.
Be4+ f5 40. Bd3 Ra4 41. Rc7 Ra8 42. Bc4 Re8 43. Bb5 Rb8 44. Bd7 Rb6 45. Be8+
Kh7 46. Bf7 h5 47. Bxh5 Nh6 48. Rd7 Rb1+ 49. Kg2 Rb2+ 50. Kh3 Ng4 51. Bxg4
fxg4+ 52. Kxg4 Rxh2 53. Rd6 Rh6 54. Kf3 Kg8 55. f5 Kf7 56. Rxe6 Rxe6 57. fxe6+
Kxe6 58. Kf4 Ke7 59. Kf5 Kf7 60. e6+ Ke7 61. g4 Kd6 62. g5 1-0

[Event "European Youth Chess Championship G16"]
[Site "Prague, Top Hotel Prague"]
[Date "2016.08.18"]
[Round "1.18"]
[White "Mutlu, Beste"]
[Black "Olde, Margareth"]
[Result "0-1"]
[WhiteElo "1759"]
[BlackElo "2059"]
[PlyCount "52"]
[EventDate "2016.08.18"]

1. e4 c5 2. Nf3 a6 3. c4 Nc6 4. d4 cxd4 5. Nxd4 d6 6. Nc3 Nf6 7. Be2 e6 8. Be3
Be7 9. O-O O-O 10. f3 Bd7 11. Qd2 Rc8 12. Nxc6 Bxc6 13. Rfd1 Qc7 14. Bd4 Rfd8
15. Rac1 Qb8 16. Bb6 Re8 17. b4 Nd7 18. Bd4 b6 19. a3 Red8 20. Bf1 Bf6 21. Qf2
Bxd4 22. Qxd4 Ne5 23. a4 Ba8 24. Na2 h6 25. Qe3 Qb7 26. Nc3 Nxc4 0-1

[Event "European Youth Chess Championship G16"]
[Site "Prague, Top Hotel Prague"]
[Date "2016.08.18"]
[Round "1.19"]
[White "Cvitan, Ena"]
[Black "Ciocan, Maria-Alexandra"]
[Result "1-0"]
[WhiteElo "2045"]
[BlackElo "1742"]
[PlyCount "73"]
[EventDate "2016.08.18"]

1. d4 e6 2. c4 f5 3. g3 Nf6 4. Bg2 d5 5. Nh3 c6 6. b3 Bd6 7. O-O Qe7 8. Bf4 O-O
9. Nd2 Bb4 10. c5 Rd8 11. Nf3 Ne4 12. Ne5 h6 13. Qc2 g5 14. Bxe4 dxe4 15. Be3
Nd7 16. Nc4 b5 17. Nd6 Nf6 18. a4 bxa4 19. Rxa4 Nd5 20. Bd2 Bxd2 21. Qxd2 e5
22. dxe5 Qxe5 23. Qd4 Qe6 24. Kh1 Nc7 25. Qb2 Qd5 26. Qd4 Qxb3 27. Qf6 Rd7 28.
Nxf5 Ne6 29. Nxh6+ Kh7 30. Rxe4 Qd5 31. Qxe6 Qxe6 32. Rxe6 Rg7 33. Rd6 Bxh3 34.
Rfd1 Rf8 35. g4 Rxf2 36. Nf5 Rf7 37. Rh6+ 1-0

[Event "European Youth Chess Championship G16"]
[Site "Prague, Top Hotel Prague"]
[Date "2016.08.18"]
[Round "1.20"]
[White "Kopcova, Ludmila"]
[Black "Kochukova, Anna"]
[Result "1/2-1/2"]
[WhiteElo "1738"]
[BlackElo "2041"]
[PlyCount "99"]
[EventDate "2016.08.18"]

1. d4 Nf6 2. c4 e6 3. Nc3 Bb4 4. a3 Bxc3+ 5. bxc3 d5 6. e3 O-O 7. Bd3 c5 8. Ne2
Qc7 9. cxd5 exd5 10. O-O Nc6 11. f3 Re8 12. Ng3 Bd7 13. Ra2 Qa5 14. Bd2 Qb6 15.
Bc1 Rac8 16. Re2 Na5 17. Rb2 Qc7 18. e4 cxd4 19. cxd4 Qc3 20. Bb1 dxe4 21. fxe4
Bg4 22. Qd2 Nb3 23. Qxc3 Rxc3 24. Bg5 Nxd4 25. Bxf6 gxf6 26. Rxb7 Rxa3 27. Rxf6
Ra1 28. Rf1 Ne2+ 29. Kf2 Nxg3 30. hxg3 a5 31. Ra7 Be6 32. e5 h6 33. Bh7+ Kxh7
34. Rxa1 Rb8 35. R7xa5 Rb2+ 36. Kg1 Rd2 37. Rf1 Kg7 38. Rf2 Rd1+ 39. Kh2 Re1
40. Rc5 Rd1 41. Rcc2 Re1 42. Rce2 Rd1 43. Re3 Rd5 44. Re4 Rc5 45. Rfe2 Kg6 46.
g4 Kg5 47. Rf2 Rc7 48. Ref4 Rc5 49. Re4 Rc7 50. Ref4 1/2-1/2

[Event "European Youth Chess Championship G16"]
[Site "Prague, Top Hotel Prague"]
[Date "2016.08.18"]
[Round "1.21"]
[White "Henderson, de La Fuente Andrea"]
[Black "Blond Hanten, Elsa"]
[Result "0-1"]
[WhiteElo "2027"]
[BlackElo "1731"]
[PlyCount "100"]
[EventDate "2016.08.18"]

1. e4 e5 2. Nf3 Nc6 3. Bb5 Bc5 4. O-O Qf6 5. c3 Nge7 6. b4 Bb6 7. Na3 a6 8. Ba4
O-O 9. Nc4 Ba7 10. Ne3 b5 11. Bb3 d6 12. d3 Be6 13. Nd5 Qg6 14. Nxc7 Bxb3 15.
Qxb3 Rac8 16. Nxa6 Nd8 17. a4 bxa4 18. Rxa4 Bb6 19. Bg5 Nec6 20. Be3 Bxe3 21.
fxe3 Ne6 22. Nh4 Qg5 23. Nf5 Rcd8 24. b5 Ne7 25. h4 Qf6 26. Nxd6 Qh6 27. Nc4
Rxd3 28. Rd1 Rxd1+ 29. Qxd1 Qxh4 30. Nxe5 Qg5 31. Nc4 Qxb5 32. Nd6 Qc6 33. Nf5
Ng6 34. Qb3 Ra8 35. Qa3 Rc8 36. Nd6 Rd8 37. Nf5 Rc8 38. Nd6 Rd8 39. Nf5 Rc8 40.
Nd4 Qxe4 41. c4 Nxd4 42. exd4 Qxd4+ 43. Kh2 Rxc4 44. Ra5 Qf4+ 45. Qg3 Qh6+ 46.
Kg1 Qc1+ 47. Kh2 Rh4+ 48. Qxh4 Nxh4 49. Nc5 Qf4+ 50. Kh3 g5 0-1

[Event "European Youth Chess Championship G16"]
[Site "Prague, Top Hotel Prague"]
[Date "2016.08.18"]
[Round "1.22"]
[White "Vitova, Anna"]
[Black "Tishova, Svetlana"]
[Result "0-1"]
[WhiteElo "1727"]
[BlackElo "2012"]
[PlyCount "76"]
[EventDate "2016.08.18"]

1. e4 c5 2. Nf3 e6 3. d4 cxd4 4. Nxd4 a6 5. Bd3 Nf6 6. Nc3 Qc7 7. O-O Nc6 8.
Nb3 b5 9. f4 d6 10. Be3 Bb7 11. Qe2 Be7 12. Rad1 Nb8 13. a3 Nbd7 14. g4 h5 15.
g5 Ng4 16. Nd4 g6 17. h3 Nxe3 18. Qxe3 Qb6 19. Qf2 O-O 20. Nce2 Rad8 21. h4 e5
22. Nf3 Qxf2+ 23. Rxf2 d5 24. exd5 Bc5 25. fxe5 Bxf2+ 26. Kxf2 Bxd5 27. Ned4
Bb7 28. Kg1 Nxe5 29. Nxe5 Rxd4 30. Rf1 Rxh4 31. Rf6 Rh1+ 32. Kf2 Rh2+ 33. Kf1
Rg2 34. Nd7 Rd8 35. Nc5 Ba8 36. Rxa6 Rxg5 37. Nb3 h4 38. Nd2 h3 0-1

[Event "European Youth Chess Championship G16"]
[Site "Prague, Top Hotel Prague"]
[Date "2016.08.18"]
[Round "1.23"]
[White "Polterauer, Chiara"]
[Black "Bierska, Adela"]
[Result "1-0"]
[WhiteElo "2009"]
[BlackElo "1722"]
[PlyCount "45"]
[EventDate "2016.08.18"]

1. e4 e6 2. b3 d5 3. Bb2 Nf6 4. e5 Nfd7 5. Qg4 c5 6. f4 Nc6 7. Nf3 a6 8. Be2
Nb4 9. Bd1 d4 10. O-O b5 11. Na3 Nd5 12. Ng5 f5 13. exf6 N7xf6 14. Qe2 Qd6 15.
c4 bxc4 16. bxc4 Nxf4 17. Ba4+ Ke7 18. Qf3 Qb8 19. Qxf4 Qxb2 20. Qc7+ Bd7 21.
Bxd7 Qb8 22. Qc6 Qe5 23. Qf3 1-0

[Event "European Youth Chess Championship G16"]
[Site "Prague, Top Hotel Prague"]
[Date "2016.08.18"]
[Round "1.24"]
[White "Vavrinkova, Eliska"]
[Black "Koehler, Inken"]
[Result "0-1"]
[WhiteElo "1716"]
[BlackElo "2008"]
[PlyCount "106"]
[EventDate "2016.08.18"]

1. d4 d5 2. Nf3 Nf6 3. c4 c6 4. Nc3 dxc4 5. e4 b5 6. e5 Nd5 7. Ne4 Bf5 8. Ng3
Bg6 9. Bd2 e6 10. a3 Nd7 11. Be2 Be7 12. O-O O-O 13. Ne1 a5 14. Nc2 N7b6 15.
Ne3 Nf4 16. Bf3 Nbd5 17. Nxd5 Nxd5 18. Qc1 Qb6 19. Ne2 Bd3 20. Be3 b4 21. Rd1
Rfc8 22. Ng3 b3 23. Be4 Bxe4 24. Nxe4 Qb5 25. a4 Qa6 26. Nc5 Bxc5 27. dxc5 Nb4
28. Qc3 Rab8 29. Rd7 Nd5 30. Qd4 Rb4 31. Qd2 Rcb8 32. Bd4 R4b7 33. Rxb7 Rxb7
34. Bc3 Ra7 35. Qd4 Ra8 36. Rc1 Rd8 37. Bd2 Rd7 38. Rxc4 Nb6 39. cxb6 Rxd4 40.
Rxd4 h6 41. Rd8+ Kh7 42. Be3 Qe2 43. g3 Qxb2 44. b7 Qa1+ 45. Kg2 b2 46. b8=Q
b1=Q 47. Rh8+ Kg6 48. Rxh6+ gxh6 49. Qg8+ Kf5 50. Qxf7+ Kxe5 51. f4+ Kd6 52.
Qf8+ Kd5 53. Qc5+ Ke4 0-1

[Event "European Youth Chess Championship G16"]
[Site "Prague, Top Hotel Prague"]
[Date "2016.08.18"]
[Round "1.25"]
[White "Hrescak, Ivana"]
[Black "Nemeth, Noemi Anna"]
[Result "0-1"]
[WhiteElo "2007"]
[BlackElo "1690"]
[PlyCount "116"]
[EventDate "2016.08.18"]

1. d4 d5 2. c4 e6 3. Nc3 Nf6 4. cxd5 exd5 5. Bg5 Be7 6. e3 h6 7. Bf4 O-O 8. Bd3
Be6 9. Nge2 c5 10. dxc5 Bxc5 11. O-O Nh5 12. Rc1 Nc6 13. Na4 Be7 14. Nc5 Bxc5
15. Rxc5 Bg4 16. f3 Qe7 17. Rxc6 Nxf4 18. exf4 bxc6 19. fxg4 c5 20. Bb1 Rfd8
21. Qd3 g6 22. f5 c4 23. Qf3 d4 24. Nf4 Qe3+ 25. Qxe3 dxe3 26. fxg6 fxg6 27.
Nxg6 Rd2 28. Ne7+ Kh8 29. Nf5 e2 30. Re1 Rb8 31. Ne3 Rbxb2 32. Be4 Rxa2 33.
Nxc4 Rd4 34. Bb1 Ra1 35. Ne3 Rb4 36. Rxe2 Raxb1+ 37. Kf2 R4b2 38. h3 a5 39. Nc4
Rxe2+ 40. Kxe2 a4 41. Kd2 Kg7 42. Kc2 Rb8 43. h4 Kf6 44. g3 Ke6 45. Na3 Kd5 46.
Nb1 Rb3 47. Nc3+ Kd4 48. Nxa4 Rxg3 49. g5 h5 50. Nb6 Rg4 51. Nd7 Rxh4 52. Nf6
Rh2+ 53. Kd1 h4 54. Ke1 Rg2 55. Nh5 Ke3 56. Kf1 h3 57. g6 Kf3 58. g7 h2 0-1

[Event "European Youth Chess Championship G16"]
[Site "Prague, Top Hotel Prague"]
[Date "2016.08.18"]
[Round "1.26"]
[White "Espinosa, Cancino Monica"]
[Black "Nazarova, Anastasia"]
[Result "1-0"]
[WhiteElo "1682"]
[BlackElo "2006"]
[PlyCount "51"]
[EventDate "2016.08.18"]

1. d4 d5 2. Nf3 Nf6 3. e3 c5 4. Bd3 c4 5. Be2 Bf5 6. O-O Nc6 7. c3 e6 8. Nbd2
Bd6 9. b3 b5 10. Bb2 Qc7 11. a4 Rb8 12. axb5 Rxb5 13. Ba3 Bxa3 14. Rxa3 Ra5 15.
Qa1 Rxa3 16. Qxa3 cxb3 17. Nxb3 Nd7 18. Ra1 f6 19. Bb5 Qb6 20. Qa4 Ncb8 21. Nc5
Qd6 22. Nxd7 Nxd7 23. Qxa7 Ke7 24. Ra6 Qb8 25. Qxd7+ Kf8 26. Ra7 1-0

[Event "European Youth Chess Championship G16"]
[Site "Prague, Top Hotel Prague"]
[Date "2016.08.18"]
[Round "1.28"]
[White "Markocic, Spela"]
[Black "Brunova, Blanka"]
[Result "0-1"]
[WhiteElo "1680"]
[BlackElo "1992"]
[PlyCount "74"]
[EventDate "2016.08.18"]

1. e4 c5 2. Nf3 Nc6 3. d4 cxd4 4. Nxd4 Nf6 5. Nc3 e5 6. Ndb5 d6 7. Bg5 a6 8.
Na3 b5 9. Nd5 Be7 10. Bxf6 Bxf6 11. c3 Bg5 12. Nc2 O-O 13. a4 bxa4 14. Rxa4 a5
15. Bc4 Rb8 16. b3 Kh8 17. O-O g6 18. Qd3 Bh6 19. Rd1 f5 20. Nde3 f4 21. Nd5 g5
22. Raa1 Bg4 23. f3 Bh5 24. h3 Qd7 25. Nxf4 gxf4 26. Qxd6 Qg7 27. Qxc6 Bxf3 28.
Rd2 Rbd8 29. Rf2 Bd1 30. Bd5 Bxc2 31. Rxc2 f3 32. Qb6 Bf4 33. Qf2 Rd6 34. Kh1
Bg3 35. Qe3 Rh6 36. Kg1 Rxh3 37. gxh3 Bf4+ 0-1